Producción de conocimiento en el Trabajo Social: una discusión acerca de un saber crítico sobre la realidad social

Saved in:
Bibliografiske detaljer
Hovedforfatter: Parola, Ruth Noemí (autora)
Format: Bog
Sprog:spansk
Udgivet: Buenos Aires Espacio 2009
Udgivelse:1a. ed
Serier:Colección Ciencias Sociales
Fag:
Tags: Tilføj Tag
Ingen Tags, Vær først til at tagge denne postø!

MARC

LEADER 00000cam a2200000 a 4500
001 UCF7649
003 CL-VaPUC
008 130704e20090000AG |||||||||||||||||spa|d
020 |a 9789508023100 
082 0 4 |a 361.3  |b PAR  |2 21 
100 |a Parola, Ruth Noemí  |e autora  |9 569725 
245 1 0 |a Producción de conocimiento en el Trabajo Social: una discusión acerca de un saber crítico sobre la realidad social 
250 |a 1a. ed 
300 |a 208 p 
942 |c BK 
945 |d 20130704 00:00:00  |a cmena 
260 |a Buenos Aires  |b Espacio  |c 2009 
650 0 |a Trabajo social   |9 307856 
650 0 |a Ciencias sociales  |v Investigación  |9 307767 
650 0 |a Realidad social   |9 499221 
583 |a last modification  |c 20130704 11:43:00  |k Rodrigo Vera 
490 0 |a Colección Ciencias Sociales 
999 |c 352453  |d 352451 
952 |0 0  |1 0  |4 0  |6 361_300000000000000_PAR_2009  |7 0  |8 A  |9 456982  |a BIBGIM  |b BIBGIM  |d 2019-11-22  |i 4987985  |o 361.3 PAR 2009  |p 4987985  |r 2025-01-15  |w 2019-11-22  |y BK  |k SSL